003290000a2200157000450000500170000010000120001724500250002925000070005426000390006130000120010004000080011236500110012065000100013165000110014165000190015220120302055241.0 a Vinoba a Bhagawaddharma-Saar a 2 aPawanaar:Paradhaam Prakashan,1964. a6,146p. aMAR b1.25/- aPuran aDharma aBhagawatdharma